000 00685nam a2200241Ia 4500
003 OSt
005 20220924114946.0
006 a|||||r|||| 00| 0
007 ta
008 220923b |||||||| |||| 00| 0 ben d
020 _a8170798523 (hbk)
024 _a300829
037 _cTextual
040 _aARTS
_cARTS
_bben
041 _2ben
_aben
082 _aV2:51.N3, 157N6
100 _aRoychowdhury Ladly Mohan
_9176242
245 0 _aAzad hind fauzer court marshal o gana bikhov
260 _aCalcutta
_bDey's Publishing India
_c1996
650 _aHISTORY
942 _hV2:51.N3, 157N6
_cTEXL
_2CC
999 _c396164
_d396164